000 00594nam a2200193Ia 4500
005 20260114185644.0
008 008 260114s9999 xx 000 0 eng d
020 _a9780755626359
037 _aEBOOK
040 _aCRL
_beng
_cCRL
041 _aeng
_2eng
084 _qCRL
100 _aTomasz Ceran
_9872751
245 4 _aThe History of a Forgotten German Camp Nazi Ideology and Genocide at Szmalc¢wka
260 _bBloomsbury
_c2014
856 _uhttps://doi.org/10.5040/9780755626359?locatt=label:secondary_bloomsburyCollections
942 _cEBOOK
999 _c1471699
_d1471699